000 00381nam a2200157Ia 4500
008 151213s9999 xx 000 0 und d
100 _aGohi / Vilensky
245 _aTextile Science
_cGohi / Vilensky
250 _a2nd
260 _aNew Delhi
_bCBS Publishers
_c1983
300 _a8272 p.
650 _aTextile
650 _aTextile
700 _aGohi / Vilensky
999 _c4139
_d4139